Eene halve eeuw, 1848-1898; (Record no. 18648)

MARC details
000 -LEADER
fixed length control field 00691cam a22002051 4500
001 - CONTROL NUMBER
control field d 01000373
003 - CONTROL NUMBER IDENTIFIER
control field DLC
005 - DATE AND TIME OF LATEST TRANSACTION
control field 20260227111149.0
008 - FIXED-LENGTH DATA ELEMENTS--GENERAL INFORMATION
fixed length control field 890217s1898 ne 000 0 dut
010 ## - LIBRARY OF CONGRESS CONTROL NUMBER
LC control number d 01000373
035 ## - SYSTEM CONTROL NUMBER
System control number (OCoLC)19232659
040 ## - CATALOGING SOURCE
Original cataloging agency DLC
Transcribing agency CU
Modifying agency DLC
042 ## - AUTHENTICATION CODE
Authentication code premarc
050 00 - LIBRARY OF CONGRESS CALL NUMBER
Classification number DJ261
Item number .R6
100 1# - MAIN ENTRY--PERSONAL NAME
Personal name Ritter, Pierre Henri,
Dates associated with a name 1851-
Relator term ed.
245 05 - TITLE STATEMENT
Title Eene halve eeuw, 1848-1898;
Remainder of title Nederland onder de regeering van konig Willem den Derde en het regentschap van koningin Emma,
Statement of responsibility, etc. door Nederlanders beschreven onder redactie van P.H. Ritter ...
260 ## - PUBLICATION, DISTRIBUTION, ETC.
Place of publication, distribution, etc. Amsterdam,
Name of publisher, distributor, etc. J.L. Beijers & J. Funke,
Date of publication, distribution, etc. 1898.
300 ## - PHYSICAL DESCRIPTION
Extent 2 v.
Dimensions 26 cm.
651 #0 - SUBJECT ADDED ENTRY--GEOGRAPHIC NAME
Geographic name Netherlands.

No items available.

Powered by Koha